000 00363nam a2200133Ia 4500
008 240624s9999 xx 000 0 und d
041 _aeng
082 _a332.153 BES
100 _aBEST JACQUELINE
245 _aLIMITS OF TRANSPARENCY AMBIGUITY AND THE
260 _c2005
_aLondon
_bCornell University Press
300 _axi, : 219 : p. : cm. ; 23
365 _c
_b28
999 _c21321
_d21321